Aranceles para los juzgados municipales, comarcales y de paz / por Justino Martínez Guerao e Isidoro Martínez Pérez ; prólogo: Manuel Ferrer de Navas Manuel Ferrer de Navas
Descripción Física:
144 p. ; 22 cm
Materias:
Jutjats municipals -- Aranzels
MARC
| LEADER | 00000nam a2200000Ia 4500 | ||
|---|---|---|---|
| 001 | 13970 | ||
| 008 | 160829s9999 xx 000 0 cat d | ||
| 080 | |a M-4-80 | ||
| 100 | |a Martínez Guerao, Justino |9 38859 | ||
| 245 | |a Aranceles para los juzgados municipales, comarcales y de paz / por Justino Martínez Guerao e Isidoro Martínez Pérez ; prólogo: |b Manuel Ferrer de Navas | ||
| 260 | |a Barcelona : |b Bosch, [19-- ?] | ||
| 300 | |a 144 p. ; |c 22 cm | ||
| 590 | |a Inclou taules d'aranzels | ||
| 650 | |a Jutjats municipals |x Aranzels |9 38860 | ||
| 700 | |a Martínez Pérez, Isidoro |9 38861 | ||
| 700 | 1 | |a Ferrer de Navas, Manuel |9 38862 | |
| 901 | |a Arxiu | ||
| 942 | |n 1 | ||
| 952 | |0 0 |1 0 |4 0 |6 M480 |7 1 |9 48653 |a Arxiu |b Arxiu |d 2016-12-01 |l 0 |o M-4-80 |p 13970 |r 2016-12-01 00:00:00 |w 2016-12-01 |y ARXIU | ||
| 999 | |c 52483 |d 52483 | ||